000 00382nam a22001577a 4500
999 _c11024
_d11024
003 OSt
008 211028b ||||| |||| 00| 0 eng d
020 _a9780367693930
082 _a629.2293 HUE
100 _aHUSAIN,Iqbal
245 _aElectric and Hybrid Vehicles
260 _aNew Yark
_bCRC Press
_c2021
300 _a477
650 _aElectrical Vehicles
942 _2ddc
_cBK
_01